| 000 | 01386nam a22002297a 4500 | ||
|---|---|---|---|
| 005 | 20240724233248.0 | ||
| 008 | s2554 th tha d | ||
| 041 | _atha | ||
| 050 | _aSH117.T5 จ683ย 2554 | ||
| 100 | 0 | _aอัจฉราภรณ์ เปี่ยมสมบูรณ์, บรรณาธิการ | |
| 245 | 1 | 0 | _a20 ปี สถาบันวิจัยทรัพยากรทางน้ำ จุฬาลงกรณ์มหาวิทยาลัย |
| 260 | 3 |
_aกรุงเทพฯ : _bสถาบันวิจัยทรัพยากรทางน้ำ จุฬาลงกรณ์มหาวิทยาลัย, _c2554 |
|
| 300 |
_a100 หน้า : _b ภาพประกอบ, ตาราง ; _c 30 ซม. |
||
| 610 | _aจุฬาลงกร์มหาวิทยาลัย. สถาบันวิจัยทรัพยากรทางน้ำ | ||
| 650 | 0 | 4 | _aทรัพยากรทางน้ำ -- วิจัย |
| 650 | 0 | 4 | _aสถาบันวิจัยทรัพยากรทางน้ำ -- ผลงานวิจัย |
| 850 | _aNALT | ||
| 942 | _cRSH | ||
| 997 | _aบ24059 | ||
| 997 | _c000000000064153 | ||
| 998 | _aนางสาวเบญจลักษณ์ สุทธิวิไล | ||
| 999 |
_c64153 _d64153 |
||